Actors to Appear in Both Marvel and DC Superhero Movies - Statistics

General Stats
  • This quiz has been taken 1,577 times
  • The average score is 6 of 20
Answer Stats
Hint Answer % Correct
Deadpool, Green Lantern Ryan Reynolds
96%
The Dark Knight Rises, Venom Tom Hardy
78%
Batman v. Superman, Daredevil Ben Affleck
72%
X-Men, Catwoman Halle Berry
71%
Batman, Spider-Man Homecoming Michael Keaton
66%
Batman Forever, Captain America: The First Avenger Tommy Lee Jones
33%
Spider-Man, Aquaman Willem Dafoe
24%
Shazam!, Thor: The Dark World Zachary Levi
24%
Batman Returns, Ant-Man and the Wasp Michelle Pfeiffer
21%
Guardians of the Galaxy, Jonah Hex Josh Brolin
17%
Man of Steel, Ant-Man and the Wasp Laurence Fishburne
12%
Constantine, Doctor Strange Tilda Swinton
12%
Justice League, Spider-Man 2 JK Simmons
11%
Guardians of the Galaxy, Shazam! Djimon Hounsou
9%
Green Lantern, Black Panther Angela Bassett
7%
X-2, Superman Returns James Marsden
5%
The Dark Knight Rises, Captain Marvel Ben Mendelsohn
4%
X-Men Origins: Wolverine, Wonder Woman Danny Huston
3%
Batman Forever, Iron Man 3 Jon Favreau
3%
Aquaman, Ant-Man and the Wasp Randall Park
3%
No matching quizzes found
Score Distribution
Percent of People with Each Score
Percentile by Number Answered
Your Score History
You have not taken this quiz